Artistes ayant gagnés l'Eurovision - Statistiques

Statistiques générales
  • Ce quiz a été pris 31 fois
    15 depuis la dernière actualisation
  • Le résultat moyen est 28 sur 73
Statistiques - réponses
Édition Pays Gagnants.es Chanson % Correct
2021 Italie Måneskin Zitti e buoni
89%
1977 France Marie Myriam L'Oiseau et l'enfant
89%
2002 Lettonie Marie N I Wanna
89%
2024 Suisse Nemo The Code
89%
1974 Suède ABBA Waterloo
78%
2014 Autriche Conchita Wurst Rise like a Phoenix
78%
2012 Suède Loreen Euphoria
78%
2023 Suède Loreen Tattoo
78%
2018 Israël Netta Toy
78%
2009 Norvège Alexander Rybak Fairytale
67%
1988 Suisse Céline Dion Ne partez pas sans moi
67%
2026 Bulgarie Dara Bangaranga
67%
2019 Pays-Bas Duncan Laurence Arcade
67%
1965 Luxembourg France Gall Poupée de cire, poupée de son
67%
2025 Autriche JJ Wasted Love
67%
1980 Irlande Johnny Logan What's Another Year
67%
1987 Irlande Johnny Logan Hold Me Now
67%
2010 Allemagne Lena Meyer-Landrut Satellite
67%
1969 France Frida Boccara Un jour, un enfant
56%
2016 Ukraine Jamala 1944
56%
1983 Luxembourg Corinne Hermès Si la vie est cadeau
44%
1997 Royaume-Uni Katrina and the Waves Love Shine a Light
44%
2006 Finlande Lordi Hard Rock Hallelujah
44%
1995 Norvège Nocturne Secret Garden
44%
2017 Portugal Salvador Sobral Amar pelos dois
44%
1986 Belgique Sandra Kim J'aime la vie
44%
1971 Monaco Séverine Un banc, un arbre, une rue
44%
1990 Italie Toto Cutugno Insieme : 1992
44%
1973 Luxembourg Anne-Marie David Tu te reconnaîtras
33%
1991 Suède Carola Fångad av en stormvind
33%
1970 Irlande Dana All Kinds of Everything
33%
1998 Israël Dana International Diva
33%
2008 Moscou Dima Bilan Believe
33%
2005 Grèce Élena Paparízou My Number One
33%
1962 France Isabelle Aubret Un premier amour
33%
1960 France Jacqueline Boyer Tom Pilibi
33%
1961 Luxembourg Jean-Claude Pascal Nous les amoureux
33%
2022 Ukraine Kalush Orchestra Stefania
33%
1956 Suisse Lys Assia Refrain
33%
1982 Allemagne Nicole Ein bißchen Frieden
33%
2004 Ukraine Ruslana Wild Dances
33%
1967 Royaume-Uni Sandie Shaw Puppet on a String
33%
1972 Luxembourg Vicky Leandros Après toi
33%
1958 France André Claveau Dors, mon amour
22%
1976 Royaume-Uni Brotherhood of Man Save Your Kisses for Me
22%
1999 Suède Charlotte Nilsson Take Me to Your Heaven
22%
1957 Pays-Bas Corry Brokken Net als toen
22%
2011 Azerbaïdjan Ell et Nikki Running Scared
22%
2013 Danemark Emilie de Forest Only Teardrops
22%
1964 Italie Gigliola Cinquetti Non ho l'età
22%
1963 Danemark Grethe et Jørgen Ingmann Dansevise
22%
1978 Israël Izhar Cohen et The Alphabeta A-Ba-Ni-Bi
22%
1969 Royaume-Uni Lulu Boom-Bang-a-Bang
22%
2015 Suède Måns Zelmerlöw Heroes
22%
1968 Espagne Massiel La, la, la
22%
2000 Danemark Olsen Brothers Fly on the Wings of Love
22%
1975 Pays-Bas Teach-in Ding-a-dong
22%
1966 Autriche Udo Jürgens Merci, Chérie
22%
1981 Royaume-Uni Bucks Fizz Making Your Mind Up
11%
1996 Irlande Eimear Quinn The Voice
11%
1979 Israël Gali Atari et Milk and Honey Hallelujah
11%
1969 Pays-Bas Lenny Kuhr De troubadour
11%
1992 Irlande Linda Martin Why Me?
11%
1993 Irlande Niamh Kavanagh In Your Eyes
11%
1994 Irlande Paul Harrington et Charlie McGettigan Rock 'n' Roll Kids
11%
1989 Yougoslavie Riva Rock Me
11%
1969 Espagne Salomé Vivo cantando
11%
2003 Turquie Sertab Erener Everyway That I Can
11%
1985 Norvège Bobbysocks La det swinge
0%
1984 Suède Herreys Diggi-Loo Diggi-Ley
0%
2007 Serbie Marija Šerifović Molitva
0%
2001 Estonie Tanel Padar, Dave Benton et 2XL Everybody
0%
1959 Pays-Bas Teddy Scholten 'n Beetje
0%
Aucun quiz correspondant
Distribution des résultats
% des personnes avec chaque résultat
Percentile par nombre de réponses
Votre historique - résultats
Vous n’avez pas pris ce quiz depuis la dernière actualisation